| 000 | 04292cam a2200301Ia 4500 | ||
|---|---|---|---|
| 999 |
_c9042 _d9042 |
||
| 001 | 38900743 | ||
| 003 | OCoLC | ||
| 005 | 20241126110704.0 | ||
| 008 | 980406s1998 cou b 000 0 eng d | ||
| 035 |
_a(OCoLC)38900743 _z(OCoLC)74114489 _z(OCoLC)167243316 |
||
| 040 |
_aJYH _beng _cJYH _dZID _dLVB _dPBE _dEQO _dOCLCQ _dOCLCF _dCIRBC |
||
| 082 | 0 | 4 |
_a266.0092 _bRAI |
| 090 |
_aBV2094.5 _b.R23 1998 |
||
| 092 | 0 |
_a266.0083 _bR159 |
|
| 245 | 0 | 0 |
_aRaising resilient MK's : _bresources for caregivers, parents, and teachers / _cedited by Joyce M. Bowers. |
| 260 |
_aColorado Springs, CO : _bAssociation of Christian Schools International, _c1998. |
||
| 300 |
_axviii, 510 p. ; _c23 cm. |
||
| 504 | _aIncludes bibliographical references. | ||
| 505 | 0 | _aLooking back, pressing forward : the legacy of the ICMKs / Joyce M. Bowers -- ICMKs in perspective : deacons for the 21st century / Ted Ward -- Discipleship : the kingdom perspective ; Developing a flow of care ; Being a third-culture kid : a TCK profile / David C. Pollock -- I am green / Ruth Goring -- The real value of growing up overseas / Michael G. Loftis -- The MK's advantage : three cultural contexts / Ted Ward -- Transitions and the TCK / Jean M. Larson -- Preparing children for missionary life / Sandra D. Wright with Paul E. Nelson -- Adventurer, observer, member : helping MKs appreciate local culture / Sally Jane Norton -- The re-entry task / David C. Pollock -- Sudden removal from the field / John Powell -- Preparing our MKs for college / Beth Wyse -- Making career choices / David L. Wickstrom -- Career developments : Woodstock class of 1968 / Steve Van Rooy -- A TCP string of five pearls / William D. Taylor -- Emotional and behavioral patterns of adult MKs ; Bruising : when things go wrong / David L. Wickstrom -- Raising resilient MKs / Diane Morris -- Family dynamics that affect the MK / John Powell -- The importance of fathers in MK development / David L. Wickstrom -- Preschool curriculum : structure and wonder / Diane Lilleberg -- Development : the twig is bent / Wayne D. Lance -- Helping students develop : key concepts / John R. Powell -- Identifying issues and defining terms / Brian V. Hill -- The Christian school in a missions context / Richard J. Edlin -- Options for MK education ; Making informed decisions / Joyce M. Bowers -- Transcultural education : a model for expatriates / Brian V. Hill -- Foundation stones of transcultural education / Ollie Gibbs -- Building a conceptual framework for transcultural education / Peter and Jan Blackwell -- Nurturing our students' native languages / Anne-Christine Marttinen -- Learning the rules or learning the language? / Marilyn Pool Andreasson -- Second language issues for MKs in national schools / Cynthia Storrs -- Multiple choice in MK education / Alan McIlhenny -- Understanding the needs of Asian MKs / Polly Chan -- Boarding : getting back to basics / Tom and Wendy Ballentyne -- Preparing children for boarding school / Nick and Dora Pauls -- Developing Christian curriculum : a complex task ; Choosing a curriculum / Diane Lilleberg -- A framework for culturally sensitive curriculum / Richard J. edlin -- Pre-field orientation / Philip M. Renicks -- On-site orientation programs / Bonnie McGill -- Staff relationships that work / Roger H. Luce -- Promoting staff continuance / David K. Wilcox -- Effective parent-teacher partnerships / David C. Pollock -- Relations between teachers and dorm parents / Evan and Jewel Evans -- You are a protector / David C. Pollock -- Children with special needs / Wayne D. Lance -- MK research : notes and observations / John R. Powell -- Doing research together / Ted Ward -- Development of regional networks / David K. Wilcox -- Trends in missions : implications for MKs / Paul E. Nelson -- Trends in member care / David C. Pollock -- Facing the future : issues in MK education / Philip M. Renicks. | |
| 650 | 0 |
_aChildren of missionaries _xPsychology. _915781 |
|
| 650 | 0 |
_aChildren of missionaries _xEducation. _915782 |
|
| 650 | 0 |
_aChildren of missionaries _xFamily relationships. _915783 |
|
| 700 | 1 |
_aBowers, Joyce M. _915784 |
|
| 710 | 2 |
_aAssociation of Christian Schools International. _915785 |
|
| 710 | 2 |
_aInteraction, Inc. _915786 |
|
| 710 | 2 |
_aMission Training International. _915787 |
|
| 942 |
_2ddc _cBK |
||